000 01085nam a2200277 i 4500
001 000038550
003 DO-SdBNP
005 20240912101553.0
007 ta
008 110407s1988 dr ac 000 0 spa d
040 _aDO-SdBNP
_bspa
_cBNPHU
_erda
082 4 _bP191r
_222
100 1 _aPané, Ramón,
_955212
_eautor
_4aut.
245 1 0 _aRelación acerca de las antiguedades de los Indios /
_cRamón Pané ; prólogo y notas, Hugo E. Polanco Brito ; edición, Andrés blanco Días.
264 _aSanto Domingo :
_bEdiciones de la Fundación Corripio,
_c1988.
300 _a163 páginas :
_bilustraciones, retratos ;
_c23 cm.
336 _atexto
_btxt
_2rdacontent
337 _asin mediación
_bn
_2rdamedia
338 _avolumen
_bnc
_2rdacarrier
490 1 _aBiblioteca de Clásicos Dominicanos
_aLos precursores 2
_v2
500 _aIncluye referencias bibliográficas y notas al pie de las páginas
590 _aInventariado, 2024/BT
700 1 _aPolanco Brito, Hugo E.,
_eprólogo
_97924
_4pról.
700 1 _aBlanco Días, Andrés,
_eedición
_964886
_4ed.
942 _2ddc
_cLBS1
999 _c38040
_d38040